|
|
|
|
| LEADER |
01423nam a2200313 a 4500 |
| 001 |
12352489 |
| 008 |
090720s2002 caua b 001 0 eng d |
| 010 |
|
|
|a 2001026061
|
| 020 |
|
|
|a 0534345549 (pbk.)
|
| 020 |
|
|
|a 9812402411
|
| 040 |
|
|
|a DLC
|c DLC
|d DLC
|
| 082 |
0 |
0 |
|a 658.3/12404
|2 21
|
| 100 |
1 |
|
|a Goldstein, Irwin L.,
|d 1937-
|9 57631
|
| 245 |
1 |
0 |
|a Training in organizations :
|b needs assessment, development, and evaluation /
|c Irwin L. Goldstein, J. Kevin Ford.
|
| 250 |
|
|
|a Fourth edition.
|
| 260 |
|
|
|a Belmont, CA :
|b Wadsworth,
|c c2002.
|
| 300 |
|
|
|a xxii, 410 pages :
|b illustrations ;
|c 24 cm.
|
| 504 |
|
|
|a Includes bibliographical references (p. 365-395) and indexes.
|
| 526 |
|
|
|x Salim khan
Sr. program Associate
James P. Grant School
Course name and no. N/A
|
| 541 |
1 |
|
|e 00018429
|a Paragon Enterprises
|
| 650 |
|
0 |
|a Employees
|x Training of.
|
| 650 |
|
0 |
|a Employees
|x Training of
|x Evaluation.
|9 20472
|
| 650 |
|
0 |
|a Organizational learning.
|
| 650 |
|
0 |
|a Assessment centers (Personnel management procedure)
|9 41175
|
| 700 |
1 |
|
|a Ford, J. Kevin
|q (John Kevin)
|9 57632
|
| 852 |
4 |
|
|a SPH
|j General Shelf.
|
| 942 |
|
|
|2 ddc
|c BK
|
| 999 |
|
|
|c 2592
|d 2592
|
| 952 |
|
|
|0 0
|1 0
|2 ddc
|4 0
|6 658_312404000000000_GOL
|7 0
|9 2363
|a JPGSPH
|b JPGSPH
|d 2009-04-28
|e Paragon Enterprise Ltd.
|g 700.00
|l 0
|o 658.312404 GOL
|p 3060018429
|r 2009-07-21
|t 1
|y BK
|x Requisitioned by Salim khan, Sr. program Associate, James P. Grant School. Course name and no. N/A
|